Central-Library-PUMHS

Online Public Access Catalogue

Welcome to PUMHS Central Library Nawabshah, SBA

Management and leadership for nurse administrators (Record no. 37803)

000 -LEADER
fixed length control field 00327nam a22001457a 4500
082 ## - DEWEY DECIMAL CLASSIFICATION NUMBER
Classification number 610.73 ROU
100 ## - MAIN ENTRY--AUTHOR NAME
Personal name Roussel, Linda A.
245 ## - TITLE STATEMENT
Title Management and leadership for nurse administrators
250 ## - EDITION STATEMENT
Edition statement 9th. Edition
260 ## - PUBLICATION, DISTRIBUTION, ETC. (IMPRINT)
Year of publication 2020
300 ## - PHYSICAL DESCRIPTION
Number of Pages 477
490 ## - SERIES STATEMENT
Series statement 9th. Edition
650 ## - SUBJECT ADDED ENTRY--TOPICAL TERM
Topical Term Nursing
942 ## - ADDED ENTRY ELEMENTS (KOHA)
Koha item type Books
Holdings
Withdrawn status Lost status Permanent Location Current Location Shelving location Date acquired Source of acquisition Cost, normal purchase price Full call number Accession Number Koha item type
    Central Library New Campus PUMHS Nawabshah,(SBA) Central Library New Campus PUMHS Nawabshah,(SBA) Nursing Library 2026-02-28 M/S New Noble Bill No: 101 NNB , Date: 05/06/2025 1023.00 610.73 ROU 41038 Ref Books
    Central Library New Campus PUMHS Nawabshah,(SBA) Central Library New Campus PUMHS Nawabshah,(SBA) Nursing Library 2026-02-28 M/S New Noble Bill No: 101 NNB , Date: 05/06/2025 1023.00 610.73 ROU 41039 Ref Books
    Central Library New Campus PUMHS Nawabshah,(SBA) Central Library New Campus PUMHS Nawabshah,(SBA) Nursing Library 2026-02-28 M/S New Noble Bill No: 101 NNB , Date: 05/06/2025 1023.00 610.73 ROU 41040 Ref Books
    Central Library New Campus PUMHS Nawabshah,(SBA) Central Library New Campus PUMHS Nawabshah,(SBA) Nursing Library 2026-02-28 M/S New Noble Bill No: 101 NNB , Date: 05/06/2025 1023.00 610.73 ROU 41041 Ref Books
    Central Library New Campus PUMHS Nawabshah,(SBA) Central Library New Campus PUMHS Nawabshah,(SBA) Nursing Library 2026-02-28 M/S New Noble Bill No: 101 NNB , Date: 05/06/2025 1023.00 610.73 ROU 41042 Ref Books

Copyright © 2018,The PUMHSW, Nawabshah, Shaheed Benazirabad. All rights reserved
Mr. Abdul Sattar Mahar (Chief Librarian) PUMHSW, Nawabshah, Sindh, Pakistan 67480.
Ph#: | 0244-9370425 Ext. 2241 Email| librarian@pumhs.edu.pk Web| http://www.pumhs.edu.pk
سنڌي ڪي بورڊ